| 000 | 00000nam##2200000za#4500 |
| 001 | 9.632867 |
| 003 | CaOODSP |
| 005 | 20210624215032 |
| 007 | cr ||||||||||| |
| 008 | 150407|1998||||xxc|||||o f|0| 0 fre|d |
| 040 | |aCaOODSP|bfre |
| 043 | |an-cn--- |
| 086 | 1 |aSW21-27/1998F-PDF |
| 110 | 1 |aCanada. |bCondition féminine Canada. |
| 245 | 10|aDes prestations pour les enfants du Canada : |h[ressource électronique]|bperspectives sur l'égalité des sexes et la responsabilité sociale / |c[par] Christa Freiler et Judy Cerny. |
| 260 | |aOttawa - Ontario : |bCondition féminine Canada |c1998. |
| 300 | |a127p.|bfigures, graphiques, tableaux |
| 500 | |aSommaire: Introduction et aperçu.--Cadre de responsabilité sociale.--Causes de la pauvreté et de la vulnérabilité au Canada.--Lutter contre la pauvreté et la vulnérabilité dans la foulée du TCSPS: défis et contraintes.--Examen et évaluation de la prestation nationale pour enfants et des programmes provinciaux.--Conclusions et recommandations. |
| 500 | |aTraduction. Le n° de catalogue (SW21-27/1998) et ISBN (0-662-63469-1) de l'édition imprimée (1998) à été imprimé dans cette édition électronique. |
| 504 | |aBibliographie. |
| 590 | |a06-10-Supp|b2006-12-15 |
| 691 | 07|aÉgalité des sexes|2gcpds |
| 691 | 07|aCondition de la femme|2gcpds |
| 691 | 07|aPauvreté dans l'enfance|2gcpds |
| 691 | 07|aSécurité sociale|2gcpds |
| 691 | 07|aBien-être social|2gcpds |
| 720 | 1 |aFreiler, Christa |
| 720 | 1 |aCerny, Judy |
| 775 | 08|tBenefiting Canada's children : |w(CaOODSP)9.688443 |
| 776 | 0#|tBenefiting Canada's children : |w(CaOODSP)9.660035 |
| 776 | 0#|tDes prestations pour les enfants du Canada : |w(CaOODSP)9.660036 |
| 856 | 40|ahttp://publications.gc.ca|qPDF|s561 Ko|uhttps://publications.gc.ca/collections/Collection/SW21-27-1998F.pdf |